Cuentos de otros planetas /

Guardado en:
Autor Principal: Falbo, Graciela
Formato: Libro
Publicado: Buenos Aires : Colihue, 2013
Series:Libros del malabarista / Gustavo Roldán
Materias:
Etiquetas: Agregar Etiqueta
Sin Etiquetas, Sea el primero en etiquetar este registro!
LEADER 00778nam a22002415a 4500
001 CEM.cems015434
005 20191205164730.0
008 130507s2013##################000#0#####d
003 CEMS
020 |a 9789876848916 
082 0 4 |a A868.4 
100 1 |a Falbo, Graciela 
245 1 0 |a Cuentos de otros planetas /  |c Graciela Falbo 
260 |a Buenos Aires :  |b Colihue,  |c 2013 
300 |a 72 p. 
490 0 |a Libros del malabarista / Gustavo Roldán 
505 0 |a Carta a los chicos -- La vuelta al sol -- La máquina de sueños 
653 |a Literatura 
653 |a Literatura argentina 
653 |a Literatura infantil 
653 |a Cuentos infantiles 
653 |a Colección ciencias de la educación 
859 |a CEMS  |b BIB. CEMS - Ccias. Educacion  |h A868.4  |i F18-1  |k CE  |p 28868.19  |t Ej.1